Normal view
MARC view
- الامام امجد الزهاوي- تراجم
Entry Topical Term
001 - CONTROL NUMBER
- control field: 52522
003 - CONTROL NUMBER IDENTIFIER
- control field: JO-AjAnu
005 - DATE AND TIME OF LATEST TRANSACTION
- control field: 20230606082631.0
008 - FIXED-LENGTH DATA ELEMENTS
- fixed length control field: 230606|| aca||aabn | a|a d
040 ## - CATALOGING SOURCE
- Original cataloging agency: JO-AjAnu
- Transcribing agency: JO-AjAnu
150 ## - HEADING--TOPICAL TERM
- Topical term or geographic name entry element: الامام امجد الزهاوي- تراجم
670 ## - SOURCE DATA FOUND
- Source citation: Work cat.: (JO-AjAnu)26839: تحرير: إبراهيم، حسين محمد ، دياري أحمد إسماعيل, author 52521, الشيخ أمجد الزهاوي إمام العلماء والدعاة: مجموعة البحوث والكلمات المقدمة في مؤتمر الشيخ أمجد الزهاوي الذي أقامه مركز الزهاوي للدراسات الفكرية في كردستان العراق